LEADER 02982nam 2200625 a 450 001 9910781592203321 005 20230617002145.0 010 $a1-283-31212-3 010 $a9786613312129 010 $a90-272-7531-9 035 $a(CKB)2550000000064182 035 $a(EBL)794789 035 $a(OCoLC)759101579 035 $a(SSID)ssj0000554813 035 $a(PQKBManifestationID)11330165 035 $a(PQKBTitleCode)TC0000554813 035 $a(PQKBWorkID)10517231 035 $a(PQKB)11144591 035 $a(MiAaPQ)EBC794789 035 $a(Au-PeEL)EBL794789 035 $a(CaPaEBR)ebr10509519 035 $a(EXLCZ)992550000000064182 100 $a20030912d2003 uy 0 101 0 $aeng 135 $aurcn||||||||| 181 $ctxt 182 $cc 183 $acr 200 00$aGrammatical metaphor$b[electronic resource] $eviews from systemic functional linguistics /$fedited by Anne-Marie Simon-Vandenbergen, Miriam Taverniers, Louise Ravelli 210 $aAmsterdam ;$aPhiladelphia $cBenjamins Pub. Co.$dc2003 215 $a1 online resource (460 p.) 225 1 $aAmsterdam studies in the theory and history of linguistic science. Series IV, Current issues in linguistic theory,$x0304-0763 ;$vv. 236 300 $aDescription based upon print version of record. 311 $a90-272-4748-X 320 $aIncludes bibliographical references and index. 327 $apt. 1. Grammatical metaphor : clarification and application -- pt. 2. Development of metaphor in children -- pt. 3. Interpersonal metaphor : enactment and positioning -- pt. 4. 'Metaphor' in grammar and in other modes of meaning -- pt. 5. Metaphor in metalinguistic perspectives. 330 $aSince the 1980's, metaphor has received much attention in linguistics in general. Within Systemic Functional Linguistics (SFL) the area of 'grammatical metaphor' has become increasingly more important. This volume aims to raise and debate problematic issues in the study of lexico-grammatical metaphor, and to foreground the potential of further study in the field. There is a need to highlight the SFL perspective on metaphor; other traditions focus on lexical aspects, and from cognitive perspectives, while SFL focuses on the grammatical dimension, and socio-functional aspects in the explanation... 410 0$aAmsterdam studies in the theory and history of linguistic science.$nSeries IV,$pCurrent issues in linguistic theory ;$vv. 236. 606 $aMetaphor 606 $aSystemic grammar 606 $aLanguage acquisition 615 0$aMetaphor. 615 0$aSystemic grammar. 615 0$aLanguage acquisition. 676 $a415/.01 701 $aSimon-Vandenbergen$b A. M$01484452 701 $aTaverniers$b Miriam$0623161 701 $aRavelli$b Louise$0778693 801 0$bMiAaPQ 801 1$bMiAaPQ 801 2$bMiAaPQ 906 $aBOOK 912 $a9910781592203321 996 $aGrammatical metaphor$93753776 997 $aUNINA LEADER 03306nam 2200577Ia 450 001 9910967271703321 005 20251117070129.0 010 $a1-61122-111-0 035 $a(CKB)2670000000094810 035 $a(EBL)3018824 035 $a(SSID)ssj0000520940 035 $a(PQKBManifestationID)12223897 035 $a(PQKBTitleCode)TC0000520940 035 $a(PQKBWorkID)10530201 035 $a(PQKB)11781752 035 $a(MiAaPQ)EBC3018824 035 $a(Au-PeEL)EBL3018824 035 $a(CaPaEBR)ebr10661763 035 $a(OCoLC)872683826 035 $a(BIP)31882116 035 $a(EXLCZ)992670000000094810 100 $a20100726d2010 uy 0 101 0 $aeng 135 $aur|n|---||||| 181 $ctxt 182 $cc 183 $acr 200 00$aAppendicitis $esymptoms, diagnosis, and treatments /$fWilliam L. Ryan, editor 205 $a1st ed. 210 $aNew York $cNova Science Publisher's$dc2010 215 $a1 online resource (165 p.) 225 1 $aDigestive diseases--research and clinical developments series 300 $aDescription based upon print version of record. 311 08$a1-61761-737-7 320 $aIncludes bibliographical references and index. 327 $aAppendicitis : symptoms, diagnosis, and treatments / Andy Petroianu -- Acute appendicitis in pregnancy / Goran Augustin, Mate Majerovic -- Appendicitis : symptoms, diagnosis, and treatments / Laura Arman?anzas, Jaime Ruiz-Tovar, Rafael Calpena -- Antibiotic therapy alone in the management of acute appendicitis / George H. Sakorafas -- Diagnostic strategies in acute appendicitis / Amato Antonio Stabile Ianora ... [et al.] -- Immunology of the appendix : effects of appendectomy / Juan Carlos Andreu-Ballester ... [et al.] -- Utilization of the Alvarado score to perform CT for acute appendicitis / Robert McKay, Roger Barrowman, Ellis Hospital -- Vermiform appendix : embryology, anatomy, and variations / Ahsan Rao, Irfan Ahmed -- Appendicitis during pregnancy : a serious disease and a diagnostic problem / L. Penninga, E.I. Penninga. 330 $aAcute appendicitis is caused by inflammation of the vermiform appendix and usually causes pain in the right lower abdominal quadrant, referred rebound tenderness, overlying muscle spasm and cutaneous hyperesthesia. This disease is common and occurs with an annual incidence of 0.25 per cent in the normal population, and there is a lifetime risk for acute appendicitis of 7-9 per cent. This book presents research data from across the globe in the study of appendicitis, its symptoms, diagnosis and treatments. Included herein are topics such as appendicitis during pregnancy; antibiotic therapy alone in the management of acute appendicitis; diagnostic strategies and immunology in acute appendicitis; and, utilisation of the Alvarado score to perform CT for acute appendicitis. 410 0$aDigestive diseases--research and clinical developments series. 606 $aAppendicitis 606 $aAppendectomy 615 0$aAppendicitis. 615 0$aAppendectomy. 676 $a616.3/4 701 $aRyan$b William L.$f1964-$01867202 801 0$bMiAaPQ 801 1$bMiAaPQ 801 2$bMiAaPQ 906 $aBOOK 912 $a9910967271703321 996 $aAppendicitis$94474672 997 $aUNINA